000 00356nam a2200145Ia 4500
008 191201s2003 xx 000 0 und d
082 _a003
_bWIO
100 _aWINSTON, Wayne L
245 0 _aOperations Research Applications and Algorithms
250 _a4th
260 _aN.Delhi
_bThomson
_c2003
300 _a1418
650 _aApplied
942 _2ddc
_cBK
999 _c2093
_d2093